Mr. Bean's Holiday : (Record no. 16064)
[ view plain ]
| 000 -LEADER | |
|---|---|
| fixed length control field | 03241nam a22004697a 4500 |
| 003 - CONTROL NUMBER IDENTIFIER | |
| control field | dpl |
| 005 - DATE AND TIME OF LATEST TRANSACTION | |
| control field | 2008090303483.0 |
| 007 - PHYSICAL DESCRIPTION FIXED FIELD--GENERAL INFORMATION | |
| fixed length control field | DVD |
| 008 - FIXED-LENGTH DATA ELEMENTS--GENERAL INFORMATION | |
| fixed length control field | 050907s2005 cau105 g 00| 0 eng d |
| 010 ## - LIBRARY OF CONGRESS CONTROL NUMBER | |
| LC control number | DVD-000803-805 & DVD-005744-5748 |
| 024 ## - OTHER STANDARD IDENTIFIER | |
| Standard number or code | 4.02.4.03.022.08 |
| Terms of availability | 499.00 |
| 035 ## - SYSTEM CONTROL NUMBER | |
| System control number | DVD-000803-805 |
| 035 ## - SYSTEM CONTROL NUMBER | |
| System control number | DVD-005744-5748 |
| 040 ## - CATALOGING SOURCE | |
| Original cataloging agency | DPL |
| Transcribing agency | DPL |
| 092 ## - LOCALLY ASSIGNED DEWEY CALL NUMBER (OCLC) | |
| Classification number | DVD / MRBE |
| 245 ## - TITLE STATEMENT | |
| Title | Mr. Bean's Holiday : |
| Medium | [videorecording] DVD / |
| Statement of responsibility, etc | Universal Pictures Presents |
| Remainder of title | Disaster Is Just Small Step Away |
| 260 ## - PUBLICATION, DISTRIBUTION, ETC. (IMPRINT) | |
| Name of publisher, distributor, etc | Big Home Video |
| 300 ## - PHYSICAL DESCRIPTION | |
| Extent | 1 videocassette |
| Other physical details | sd., col. ; |
| Dimensions | 4-3/4 in. |
| Type of unit | DVD |
| 440 ## - SERIES STATEMENT/ADDED ENTRY--TITLE | |
| Title | Big Home Video |
| 500 ## - GENERAL NOTE | |
| General note | One Man's Journey To The Beach |
| 500 ## - GENERAL NOTE | |
| General note | Bonus Features: Deleted Scenes, Billy Elliot Musical Trailer, Even Almighty Trailer |
| 508 ## - CREATION/PRODUCTION CREDITS NOTE | |
| Creation/production credits note | Director of photography, Oliver Wood ; art directors, Shepherd Frankel, Don Macaulay ; editor, William Hoy ; music, Miri Ben-Ari, John Ottman ; costume designer, Jose Fernandez, Wendy Partridge ; production designer, Bill Boes ; visual effects supervisors |
| 538 ## - SYSTEM DETAILS NOTE | |
| System details note | Dolby digital 5.1, English, French, Russian Subtitles in English, French, Arabic, Danish, Dutch, Finnish |
| 538 ## - SYSTEM DETAILS NOTE | |
| System details note | Aspect Ratio 1:85.1,Presentation Type: Wide Screen, Presentation Size: 16x9, Format: DVD 9 Dual Layer Single Sided Disc. Layer Transition may trigger a slight pause. |
| 650 ## - SUBJECT ADDED ENTRY--TOPICAL TERM | |
| Topical term or geographic name as entry element | Motion Picture |
| 700 ## - ADDED ENTRY--PERSONAL NAME | |
| Personal name | Atkinson, Rowan |
| 700 ## - ADDED ENTRY--PERSONAL NAME | |
| Personal name | Goodall, Howard |
| 700 ## - ADDED ENTRY--PERSONAL NAME | |
| Personal name | Yvesga Yraud, |
| 700 ## - ADDED ENTRY--PERSONAL NAME | |
| Personal name | Cranstoun, Tony |
| 700 ## - ADDED ENTRY--PERSONAL NAME | |
| Personal name | Carlin, Michael |
| 700 ## - ADDED ENTRY--PERSONAL NAME | |
| Personal name | Irvine, Baz |
| 942 ## - ADDED ENTRY ELEMENTS (KOHA) | |
| Koha item type | CD-ROMs, DVDs, VHS |
| Source of classification or shelving scheme | Dewey Decimal Classification |
| Classification part | DVD |
| Call number suffix | MRBE |
| Withdrawn status | Lost status | Source of classification or shelving scheme | Damaged status | Not for loan | Home library | Current library | Date acquired | Source of acquisition | Cost, normal purchase price | Total Checkouts | Full call number | Barcode | Date last seen | Date checked out | Copy number | Cost, replacement price | Price effective from | Koha item type | Total Renewals | Checked out |
|---|---|---|---|---|---|---|---|---|---|---|---|---|---|---|---|---|---|---|---|---|
| Dewey Decimal Classification | Central Library | Central Library | 01/10/2008 | Purchase | 499.00 | 57 | DVD MRBE | DVD-000803 | 08/06/2012 | 23/05/2012 | 1 | 499.00 | 01/10/2008 | CD-ROMs, DVDs, VHS | ||||||
| Dewey Decimal Classification | Janak Puri | Janak Puri | 12/02/2010 | Pioneers/948/17-11-09/325/13-10-09 /30-11-09 | 499.00 | 45 | DVD MRBE | DVD-005744 | 08/07/2015 | 19/03/2013 | 1 | 499.00 | 12/02/2010 | CD-ROMs, DVDs, VHS | 1 | |||||
| Dewey Decimal Classification | Karol Bagh | Karol Bagh | 12/02/2010 | Pioneers/948/17-11-09/325/13-10-09 /30-11-09 | 499.00 | 28 | DVD MRBE | DVD-005747 | 11/04/2014 | 27/03/2014 | 1 | 499.00 | 12/02/2010 | CD-ROMs, DVDs, VHS | ||||||
| Dewey Decimal Classification | Narela | Narela | 12/02/2010 | Pioneers/948/17-11-09/325/13-10-09 /30-11-09 | 499.00 | 19 | DVD MRBE | DVD-005748 | 20/07/2012 | 20/07/2012 | 1 | 499.00 | 12/02/2010 | CD-ROMs, DVDs, VHS | 03/08/2012 | |||||
| Dewey Decimal Classification | Patel Nagar | Patel Nagar | 01/10/2008 | Purchase | 499.00 | 61 | DVD MRBE | DVD-000805 | 15/09/2015 | 08/08/2015 | 1 | 499.00 | 01/10/2008 | CD-ROMs, DVDs, VHS | 1 | |||||
| Dewey Decimal Classification | R.K.Puram-8 | R.K.Puram-8 | 12/02/2010 | Pioneers/948/17-11-09/325/13-10-09 /30-11-09 | 499.00 | 19 | DVD MRBE | DVD-005745 | 28/02/2014 | 10/11/2012 | 1 | 499.00 | 12/02/2010 | CD-ROMs, DVDs, VHS | 1 | |||||
| Dewey Decimal Classification | Sarojini Nagar | Sarojini Nagar | 01/10/2008 | Purchase | 499.00 | 46 | DVD MRBE | DVD-000804 | 16/01/2012 | 16/01/2012 | 1 | 499.00 | 01/10/2008 | CD-ROMs, DVDs, VHS | 2 | |||||
| Dewey Decimal Classification | Vinoba Puri | Vinoba Puri | 12/02/2010 | Pioneers/948/17-11-09/325/13-10-09 /30-11-09 | 499.00 | 24 | DVD MRBE | DVD-005746 | 28/05/2014 | 18/07/2012 | 1 | 499.00 | 12/02/2010 | CD-ROMs, DVDs, VHS | 2 |
